Marques de vêtements de A à Z - Statistiques

Statistiques générales
  • Ce quiz a été pris 524 fois
    508 depuis la dernière actualisation
  • Le résultat moyen est 3 sur 26
Statistiques - réponses
Hint Réponse % Correct
N Nike
81%
G Gucci
37%
B Balenciaga
31%
L Louis Vuitton
28%
R Ralph Lauren
14%
Y Yves Saint Laurent
12%
F Fila
11%
P Prada
7%
D Dolce & Gabbana
6%
V Vans
5%
I Ikks
3%
Z Zadig & Voltaire
3%
J Jacquemus
2%
K Kaporal
2%
T The Kooples
2%
U Umbro
2%
C C.P Company
1%
O Off-White
1%
Q Quiksilver
1%
S Superdry
1%
A adidas
0%
E Element
0%
H Hackett
0%
M Maison Margiela
0%
W Wandler
0%
X Xeira
0%
Aucun quiz correspondant
Distribution des résultats
% des personnes avec chaque résultat
Percentile par nombre de réponses
Votre historique - résultats
Vous n’avez pas pris ce quiz depuis la dernière actualisation